000 00588nam a2200193Ia 4500
003 OSt
005 20260518163013.0
008 210210b1983 xxu||||| |||| 00| 0 eng d
040 _cAL
041 _aKannada
082 _a891.463 KHAS
100 _aKHADAP, Pseud, (V J P Saldanha).
_dಖಡಾಪ್ (ವಿಜೆಪಿ ಸಲ್ಡಾನ್ಹಾ).
_9264099
245 _aSovo Surngarun
_bಸೊವೊ ಸುಂರ್ಗಾರುನ್
260 _aManglur.
_bSallak Pablikations.,
_c1983
300 _a154
690 _aKonkani Fiction
_9264100
906 _a049946
942 _2ddc
_cBK
999 _c98573
_d98573